000 00908nam a2200265 i 4500
001 000028609
003 DO-SdBNP
005 20230906144711.0
007 ta
008 110411s1939 dr c r 000 0bspa d
040 _aDO-SdBNP
_bspa
_cBNPHU
_erda
082 4 _a922.27293
_bB598C
_222
100 1 _aCuello Correa, Rafael,
_955563
_eautor
245 1 0 _aDualidad del Padre Billini :
_bsacerdote y filántropo-educador /
_cRafael Cuello Correa.
264 _aSantiago, República Dominicana :
_bLa información,
_c1939.
300 _a29 páginas :
_bretratos ;
_c17 cm.
336 _2rdacontent
_atexto
_btxt
337 _2rdamedia
_asin medición
_bnc
338 _2rdacarrier
_avolumen
_bn
590 _aInventariado, 2018/BT
600 1 4 _aBillimi, Francisco Javier,
_d1837-1890
_955564
651 4 _aRepública Dominicana
_xBiografías
_91325
910 _aValidado. Control de calidad MFF
942 _2ddc
_cLF2
999 _c28101
_d28101